| 000 | 01149nam a22003977a 4500 | ||
|---|---|---|---|
| 001 | 0060405 | ||
| 003 | KOHA_MİRAKIL | ||
| 005 | 20260207004259.0 | ||
| 007 | ta | ||
| 008 | 190312b2014 xx a|||gr||||#0|||0|tur | | ||
| 020 | _a9789753890342 | ||
| 040 |
_aTR-BiSEU _btur _cTR-BiSEU _erda |
||
| 041 | 0 | _atur | |
| 044 | _ctu | ||
| 050 |
_aBP166.38 _b.K65 2014 |
||
| 100 | 1 | _aKöksal, Mustafa Asım. | |
| 245 | 1 |
_aPeygamberler tarihi/ _cMustafa Asım Köksal ; Mustafa Asım Köksal. |
|
| 250 | _a20. Baskı | ||
| 264 | 1 |
_aAnkara : _bTürkiye Diyanet Vakfı _c2014 |
|
| 300 |
_a2 c. : _bresimli ; _c21 cm. |
||
| 336 |
_ametin _btxt _2rdacontent |
||
| 337 |
_aaracısız _bn _2rdamedia |
||
| 338 |
_acilt _bnc _2rdacarrier |
||
| 490 | 1 |
_aTürkiye Diyanet Vakfı yayın ; _vno. |
|
| 490 | 1 | _a46. | |
| 490 | 1 |
_aKaynak eserler serisi ; _v3. |
|
| 500 | _aKaynakça var. | ||
| 500 | _aDizin var. | ||
| 650 | 0 |
_aPeygamberler. _97572 |
|
| 650 | 0 |
_aProphets. _97574 |
|
| 830 | 1 |
_aTürkiye Diyanet Vakfı yayın ; _vno. _912523 |
|
| 830 | 1 |
_a46. _95548 |
|
| 830 | 1 |
_aKaynak eserler serisi ; _v3. _912524 |
|
| 907 | _aDin | ||
| 942 |
_2lcc _cBK |
||
| 999 |
_c60208 _d60208 |
||